Facultad de Derecho – Universidad Nacional de Mar del Plata

Revista de Filosofía Jurídica y Social (Record no. 4309)

MARC details
000 -CABECERA
campo de control de longitud fija 00458nam a22001577a 4500
022 ## - NUMERO INTERNACIONAL NORMALIZADO PARA PUBLICACIONES SERIADAS (ISSN)
International Standard Serial Number 15142469
080 ## - NUMERO DE CLASIFICACION DECIMAL UNIVERSAL (CDU)
Número de la Clasificación Decimal Universal 340.12 R 327
245 ## - MENCION DE TITULO
Título propiamente dicho Revista de Filosofía Jurídica y Social
260 ## - PUBLICACION, DISTRIBUCION, ETC. (PIE DE IMPRENTA)
Lugar de publicación, distribución, etc. Rosario
Nombre del editor, distribuidor, etc. Centro de Investigaciones de Filosofía Jurídica y Filosofía social
Fecha de publicación, distribución, etc. 2014
300 ## - DESCRIPCION FISICA
Extensión 229 P.
310 ## - FRECUENCIA ACTUAL DE LA PUBLICACION
Frecuencia actual de la publicación anual
650 ## - ASIENTO SECUNDARIO DE MATERIA - TERMINO TEMATICO
Fuente del encabezamiento o término Tesauro de Biblioteconomía y Documentación
Subdivisión general filosofía del derecho
-- filosofía
-- ética
760 ## - ASIENTO DE SERIE PRINCIPAL
Asiento principal Nueva Serie
942 ## - ELEMENTOS AGREGADOS (KOHA)
Fuente de clasificación
945 ## - INFORMACION DE PROCESAMIENTO LOCAL
Responsable de cargamodificación Celeste Delía
Fecha de carga/modificación 2016-05-27
Holdings
Retirado Perdido Dañado No se presta Ubicación permanente Locación actual Estante o sala Fecha de adquisición Enumeración, cronología para publ. seriadas Signatura topográfica Inventario Ultima fecha vista Tipo de item de Koha
        Bib. Derecho Bib. Derecho Biblioteca Graduados 27/05/2016 Nª 35- año 2014 340.12 R 327 1457 27/05/2016 Publicación periódica

XHTML | CSS | ©Biblioteca Central - Dto. Tecnología de la Información - [ Con tecnología Koha ]